| 000 | 00452 a2200193 4500 | ||
|---|---|---|---|
| 005 | 20260319102820.0 | ||
| 008 | 260318b |||||||| |||| 00| 0 eng d | ||
| 020 |
_aX _c£ 39.95 |
||
| 040 | _aMAIN | ||
| 082 |
_a641.5951 _bP196I |
||
| 100 | _aPant, Pushpesh | ||
| 245 | _aIndia cookbook | ||
| 260 |
_bPhaidon Press _aLondon _c2016 |
||
| 300 | _a815 | ||
| 650 | _aHotel Management | ||
| 650 | _aFood | ||
| 650 | _aCooking of India | ||
| 942 | _cBK | ||
| 999 |
_c395645 _d395645 |
||